| Tag |
First Indicator |
Second Indicator |
Subfields |
| LEADER |
00000cam a22000001i 4500 |
| 001 |
in00003954792 |
| 006 |
m d f |
| 007 |
cr bn mmmapmmp |
| 008 |
400727s1940 dcu o f000 0 eng d |
| 005 |
20250210233454.8 |
| 035 |
|
|
|a ebd1940004055
|
| 040 |
|
|
|a UMI
|c UMI
|e rda
|d UtOrBLW
|
| 086 |
0 |
|
|a S 1.7:940/1
|
| 099 |
|
|
|a S1.7..940_1
|
| 110 |
1 |
|
|a United States.
|b Department of State.
|0 http://id.loc.gov/authorities/names/n80126198
|
| 245 |
1 |
0 |
|a Foreign service list, Jan. 1, 1940.
|
| 264 |
|
1 |
|a [Washington] :
|b [publisher not identified],
|c 1940.
|
| 300 |
|
|
|a 1 online resource (115 pages), digital, PDF file
|
| 336 |
|
|
|a text
|b txt
|2 rdacontent
|
| 337 |
|
|
|a computer
|b c
|2 rdamedia
|
| 338 |
|
|
|a online resource
|b cr
|2 rdacarrier
|
| 533 |
|
|
|a Electronic reproduction.
|b [Bethesda, Md.] :
|c ProQuest,
|d 2016
|e digital, PDF file.
|n ProQuest U.S. Executive Branch Documents
|n Mode of access: World Wide Web via ProQuest website.
|
| 588 |
|
|
|a Record is based on online resource; title from PDF title page (ProQuest, last viewed Oct. 2016). Reuse except for individual research requires license from ProQuest, LLC.
|
| 610 |
1 |
0 |
|a United States.
|b Department of State.
|0 http://id.loc.gov/authorities/names/n80126198
|
| 650 |
|
0 |
|a Diplomatic and consular service.
|0 http://id.loc.gov/authorities/subjects/sh85038182
|
| 856 |
4 |
0 |
|u http://proxy.library.tamu.edu/login?url=http://congressional.proquest.com/congressional/docview/t66.d71.s1.7..940_1?
|y Electronic resource (PDF)
|t 0
|
| 999 |
f |
f |
|s fc247a86-3f22-304a-8854-1b42e6ae32d1
|i 6f6e777a-fb53-3ec8-89c0-05b02ad5a583
|t 0
|
| 952 |
f |
f |
|a Texas A&M University
|b College Station
|c Electronic Resources
|d Available Online
|t 0
|h No information provided
|
| 998 |
f |
f |
|t 0
|l Available Online
|